| 000 | 01146cad a22002175a 4500 | ||
|---|---|---|---|
| 001 | L157800 | ||
| 008 | 130520e2013 xxk 000 0 eng d | ||
| 035 | _a(Sirsi) u157800 | ||
| 041 | 0 | _aeng | |
| 110 | 2 |
_aOffice for National Statistics _92210 |
|
| 245 | 0 | 0 |
_aMain report, the burden of property debt in Great Britain _b2006/08 and 2008/10 _z[electronic resource |
| 260 | _c2013 | ||
| 490 |
_aONS Main report, the burden of property debt in Great Britain _b2006/08 and 2008/10 |
||
| 520 | _aFocuses on the property liabilities of households in Great Britain assessing the impact of the burden of property debt on individuals and families. Concludes that only 2 out of 5 households had outstanding debt on their main residence and 13.5% considered the debt to be a heavy burden. Regionally households in London had the highest median property debt whilst those in Scotland had the lowest. | ||
| 590 | _aKA | ||
| 651 | 4 |
_aUnited Kingdom _y |
|
| 690 |
_aResidential property _96266 |
||
| 690 | _aFinance and taxation | ||
| 856 | 4 | 0 |
_uhttps://www.ons.gov.uk/ons/dcp171776_310008.pdf _zView this item free of charge at www.ons.gov.uk |
| 942 | _n0 | ||
| 999 |
_c84465 _d84465 |
||